| 000 | 00561nam a2200205Ia 4500 | ||
|---|---|---|---|
| 005 | 20250508165341.0 | ||
| 008 | 008 250505s9999 xx 000 0 hin d | ||
| 020 | _a978-81-267-2501-4 | ||
| 037 | _aTextBook | ||
| 040 |
_aFEDL _beng _cFEDL |
||
| 041 |
_ahin _2hin |
||
| 084 |
_a305.4, MIL/R _qFEDL |
||
| 100 |
_aMil John Stuart _9780556 |
||
| 245 | 0 | _aStriyon ki paradheenta | |
| 260 |
_aNew Delhi, India _bRajkamal Prakashan _c2002 |
||
| 300 | _avii, 132p. | ||
| 365 |
_aINR _b95 |
||
| 942 |
_cTB _h305.4, MIL/R |
||
| 999 |
_c1394620 _d1394620 |
||